Time zones 4 /

Guardado en:
Autor Principal: Bohlke, David
Formato: Libro
Publicado: Australia : National Geographic Learnig, 2017.
Edición:2a. ed.
Materias:
Etiquetas: Agregar Etiqueta
Sin Etiquetas, Sea el primero en etiquetar este registro!
LEADER 00620nam a22002055a 4500
001 CEM.cems018628
008 130507s2017##################000#0#####d
005 20231122104947.0
245 1 0 |a Time zones 4 /  |c David Bohlke, Jannifer Wilkin. 
250 |a 2a. ed. 
260 |a Australia :  |b National Geographic Learnig,  |c 2017. 
300 |a 143p. ; 25cm. 
020 |a 139781305259874 
100 1 |a Bohlke, David 
082 0 4 |a 428.64 
600 1 4 |a Bohlke,DavidWilkin,Jannifer 
653 |a Inglès 
653 |a Ingles secundario 
653 |a Ingles 4to 
859 |a CEMS  |b BIB. CEMS - Agricultura  |h 428.64  |i B634-1  |p A3098.18  |t Ej.1  |v 4  |3 Vol. 4